| 000 | 01193naa a2200193 i 4500 | ||
|---|---|---|---|
| 001 | 424 | ||
| 003 | KOSZ 005 | ||
| 005 | 20180403121556.0 | ||
| 008 | 150211s2006 pl f |100 0 eng | ||
| 040 |
_cBPK _dKOSZ 005/EG |
||
| 041 | _aeng | ||
| 100 | 1 |
_aKATZER, Jacek. _d1999 - 2012. _bPolitechnika Koszalińska - Wydział Budownictwa i Inżynierii Środowiska, _cKatedra Budownictwa i Materiałów Budowlanych |
|
| 245 | 1 | 0 |
_aService life and serviceability of concrete structures in Polish civil engineering education / _cJacek Katzer, Janusz Kobaka. |
| 500 | _aDane z autopsji. | ||
| 700 | 1 |
_aKOBAKA, Janusz. _d2004 - . _bPolitechnika Koszalińska - Wydział Budownictwa i Inżynierii Środowiska, _cLaboratorium Techniki Budowlanej |
|
| 773 | 0 |
_iW : _t"Nowe technologie w kształceniu na odległość" : II krajowa konferencja naukowa, Koszalin-Osieki, 5-7 października 2006 : materiały konferencyjne / pod red. Tomasza Królikowskiego, Walerego Susłowa, Błażeja Bałasza. - _dKoszalin : Wydaw. Uczelniane Politechniki Koszaliäskiej, 2006. - _gs. 77-80 |
|
| 711 | 2 | 2 |
_aNowe technologie w kształceniu na odległość _n(2 ; _d2006 ; _cKoszalin - Osieki, Polska). |
| 942 |
_cROZ _2UKD |
||
| 999 |
_c424 _d424 |
||